Physics-11 / (Record no. 189605)
[ view plain ]
| 000 -LEADER | |
|---|---|
| fixed length control field | 00719 a2200181 4500 |
| 003 - CONTROL NUMBER IDENTIFIER | |
| control field | Nust |
| 005 - DATE AND TIME OF LATEST TRANSACTION | |
| control field | 20230724111248.0 |
| 040 ## - CATALOGING SOURCE | |
| Transcribing agency | Nust |
| 082 ## - DEWEY DECIMAL CLASSIFICATION NUMBER | |
| Classification number | 530,SAL |
| 100 ## - MAIN ENTRY--PERSONAL NAME | |
| Personal name | Saleemi, Mrs. Fouzia |
| 9 (RLIN) | 103673 |
| 245 ## - TITLE STATEMENT | |
| Title | Physics-11 / |
| Statement of responsibility, etc. | Prof Dr.Mrs. Fouzia Saleemi, |
| 250 ## - EDITION STATEMENT | |
| Edition statement | 1st |
| 260 ## - PUBLICATION, DISTRIBUTION, ETC. | |
| Place of publication, distribution, etc. | Pujab Textbook Board |
| Name of publisher, distributor, etc. | Lahore |
| Date of publication, distribution, etc. | 2011 |
| 300 ## - PHYSICAL DESCRIPTION | |
| Extent | ii, 280 p |
| 505 ## - FORMATTED CONTENTS NOTE | |
| Formatted contents note | Measurements (Page-1), Vector and Equilibrium (Page-22), Motion and Force (Page-48), Work and Energy (Page-77), Circular Motions (Page-99), Fluid Dynamic (Page-127), Oscillations (Page-141), Waves (Page-161), Physics Optics (Page-193),,Optical Instruction (Page-214), Heat and Thermodynamics (Page-236). |
| 650 ## - SUBJECT ADDED ENTRY--TOPICAL TERM | |
| Topical term or geographic name entry element | Physics |
| 942 ## - ADDED ENTRY ELEMENTS (KOHA) | |
| Source of classification or shelving scheme | |
| Koha item type | Book Bank |
| Withdrawn status | Lost status | Source of classification or shelving scheme | Damaged status | Not for loan | Collection code | Permanent Location | Current Location | Date acquired | Total Checkouts | Full call number | Barcode | Date last seen | Price effective from | Koha item type | Shelving location | Public note |
|---|---|---|---|---|---|---|---|---|---|---|---|---|---|---|---|---|
| Military College of Signals (MCS) | Military College of Signals (MCS) | 12/12/2016 | 530 SAL | MCS35396 | 12/08/2016 | 12/12/2016 | Book | |||||||||
| Military College of Signals (MCS) | Military College of Signals (MCS) | 12/12/2016 | 530,SAL | MCS35397 | 12/08/2016 | 12/12/2016 | Book | General Stacks | Almirah No.78, Shelf No.5 | |||||||
| Military College of Signals (MCS) | Military College of Signals (MCS) | 12/12/2016 | 530 SAL | MCS35398 | 12/08/2016 | 12/12/2016 | Book | |||||||||
| Military College of Signals (MCS) | Military College of Signals (MCS) | 12/12/2016 | 530,SAL | MCS35399 | 12/08/2016 | 12/12/2016 | Book | General Stacks | Almirah No.78, Shelf No.5 | |||||||
| Military College of Signals (MCS) | Military College of Signals (MCS) | 12/12/2016 | 530,SAL | MCS35400 | 12/08/2016 | 12/12/2016 | Book | General Stacks | Almirah No.78, Shelf No.5 | |||||||
| Military College of Signals (MCS) | Military College of Signals (MCS) | 12/12/2016 | 530 SAL | MCS36068 | 12/08/2016 | 12/12/2016 | Book | |||||||||
| Military College of Signals (MCS) | Military College of Signals (MCS) | 12/12/2016 | 530,SAL | MCS36105 | 12/08/2016 | 12/12/2016 | Book Bank | General Stacks | Almirah No.122, Shelf No.1 |
